| 000 | 00531nam a2200157Ia 4500 | ||
|---|---|---|---|
| 003 | Ost | ||
| 005 | 20260507075658.0 | ||
| 008 | 260507s9999||||xx |||||||||||||| ||und|| | ||
| 040 | _cfsecg | ||
| 041 | _aara | ||
| 100 |
_aحسن، سوزان علي _eمؤلف |
||
| 245 | 0 |
_aالتشريعات السياحية و الفندقية / _c سوزان علي حسن |
|
| 260 |
_aالاسكندرية: _bدار الجامعة الجديدة للنشر, _c2001 |
||
| 300 |
_a284 صفحة؛ _bإيضاحات ؛ _c24 سم |
||
| 942 | _cكتاب | ||
| 999 |
_c45754 _d45754 |
||